Využitie potenciálu kreativity v organizácii

Usporiadanie organizácie a kreativita. Procesy a funkcie organizovania. Organizačná kultúra. Vnímavosť voči emóciám. Štýl vedenia a vnútropodniková komunikácia. Odmeňovanie a posilňovanie dôvery vo vlastné kreatívne schopnosti pracovníkov. Podporovanie individuálnej kreativity. Vzdelávanie a rozvoj...

Descripción completa

Guardado en:
Detalles Bibliográficos
Autor principal: Suntingerová, Ľudmila
Formato: Capítulo de libro
Lenguaje:eslovaco
Materias:
Etiquetas: Agregar Etiqueta
Sin Etiquetas, Sea el primero en etiquetar este registro!

MARC

LEADER 00000nla$a2200000$$$4500
001 0107615
005 20240502083252.8
041 0 |a slo 
044 |a CZ 
245 1 0 |a Využitie potenciálu kreativity v organizácii  |c Ľudmila Suntingerová 
520 |a Usporiadanie organizácie a kreativita. Procesy a funkcie organizovania. Organizačná kultúra. Vnímavosť voči emóciám. Štýl vedenia a vnútropodniková komunikácia. Odmeňovanie a posilňovanie dôvery vo vlastné kreatívne schopnosti pracovníkov. Podporovanie individuálnej kreativity. Vzdelávanie a rozvoj kreativity. 
610 2 0 |a kreativita 
610 2 0 |a pracovníci 
610 2 0 |a komunikácia interná 
610 2 0 |a odmeňovanie 
610 2 0 |a vzdelávanie 
610 2 0 |a schopnosti pracovné 
610 2 0 |a kultúra podniková 
610 2 0 |a organizácie 
100 1 |a Suntingerová, Ľudmila